Statistics for Famous Firsts - Movies

Click here to take the quiz!

General Stats

  • This quiz has been taken 97 times
    (44 since last reset)
  • The average score is 7 of 14

Answer Stats

First Movie ... Movie % Correct
to hit $1 billion in Box OfficeTitanic
88%
by Pixar StudiosToy Story
83%
in the James Bond seriesDr. No
81%
in the Harry Potter seriesThe Philosopher's Stone
76%
to hit $2 billion in Box OfficeAvatar
76%
in the Marvel Cinematic UniverseIron Man
62%
in the Lord of the Rings trilogyThe Fellowship of the Ring
57%
to have sound (aka first "Talkie")The Jazz Singer
52%
in the Star Wars series (chronologically)The Phantom Menace
40%
starring Johnny DeppA Nightmare on Elm Street
33%
by Dr. SeussHow the Grinch Stole Christmas
31%
to win the Academy Award for Best PictureWings
26%
nominated for Best Picture which was animatedBeauty and the Beast
19%
directed by James CameronPiranha II: The Spawning
14%

Score Distribution

Percentile by Number Answered

Percent of People with Each Score

Your Score History

You have not taken this quiz since the last reset